All Cities in Romania on a Map - Statistics

General Stats
  • This quiz has been taken 39 times
  • The average score is 183 of 319
Answers on the Map
Answers color-coded by a green-red scale on the quiz's map according to % correct below.
 
Answer Stats
County City Population (2021) % Correct
- Bucharest 1.716.961
100%
Cluj Cluj-Napoca 286.598
100%
Maramureș Baia Mare 108.759
93%
Timiș Timișoara 250.849
93%
Alba Alba Iulia 64.227
87%
Teleorman Alexandria 40.390
87%
Arad Arad 145.078
87%
Bistrița-Năsăud Bistrița 78.877
87%
Brăila Brăila 154.686
87%
Călărași Călărași 58.215
87%
Constanța Constanța 263.688
87%
Dolj Craiova 234.120
87%
Hunedoara Deva 53.113
87%
Mehedinți Drobeta-Turnu Severin 79.865
87%
Galați Galați 217.851
87%
Giurgiu Giurgiu 54.551
87%
Hunedoara Hunedoara 50.457
87%
Timiș Lugoj 35.450
87%
Bihor Oradea 183.105
87%
Caraș-Severin Reșița 58.393
87%
Satu Mare Satu Mare 91.520
87%
Mureș Târgu Mureș 116.033
87%
Tulcea Tulcea 65.624
87%
Sălaj Zalău 52.132
87%
Tulcea Babadag 9.213
80%
Bacău Bacău 136.087
80%
Botoșani Botoșani 90.010
80%
Brașov Brașov 237.589
80%
Buzău Buzău 103.481
80%
Caraș-Severin Caransebeș 21.714
80%
Constanța Cernavodă 15.088
80%
Cluj Dej 31.475
80%
Iași Iași 271.692
80%
Constanța Mangalia 31.950
80%
Constanța Medgidia 34.612
80%
Bistrița-Năsăud Năsăud 10.215
80%
Constanța Năvodari 34.398
80%
Neamț Piatra Neamț 79.679
80%
Prahova Ploiești 180.540
80%
Vâlcea Râmnicu Vâlcea 110.527
80%
Neamț Roman 48.644
80%
Alba Sebeș 26.490
80%
Covasna Sfântu Gheorghe 50.080
80%
Sibiu Sibiu 134.309
80%
Mureș Sighișoara 23.927
80%
Olt Slatina 63.487
80%
Suceava Suceava 84.322
80%
Tulcea Sulina 3.118
80%
Dâmbovița Târgoviște 66.965
80%
Gorj Târgu Jiu 73.545
80%
Vaslui Vaslui 63.035
80%
Alba Aiud 21.307
73%
Vaslui Bârlad 52.475
73%
Alba Blaj 17.816
73%
Dolj Calafat 13.807
73%
Argeș Câmpulung 27.574
73%
Suceava Câmpulung Moldovenesc 15.642
73%
Satu Mare Carei 18.957
73%
Olt Corabia 13.527
73%
Covasna Covasna 9.208
73%
Botoșani Dorohoi 22.893
73%
Ialomița Fetești 27.462
73%
Vrancea Focșani 66.648
73%
Cluj Huedin 8.069
73%
Harghita Miercurea Ciuc 34.484
73%
Arad Nădlac 6.713
73%
Mehedinți Orșova 8.506
73%
Ilfov Otopeni 21.750
73%
Hunedoara Petroșani 31.044
73%
Argeș Pitești 141.275
73%
Mureș Reghin 29.742
73%
Ialomița Slobozia 43.553
73%
Maramureș Vișeu de Sus 15.349
73%
Ilfov Voluntari 47.366
73%
Hunedoara Vulcan 19.772
73%
Teleorman Zimnicea 12.589
73%
Bihor Aleșd 9.662
67%
Caraș-Severin Băile Herculane 3.787
67%
Bihor Beiuș 9.745
67%
Hunedoara Brad 12.690
67%
Ilfov Bragadiru 40.080
67%
Prahova Câmpina 28.993
67%
Sălaj Cehu Silvaniei 6.369
67%
Arad Chișineu-Criș 7.212
67%
Constanța Eforie 8.630
67%
Brașov Făgăraș 26.284
67%
Dolj Filiași 15.031
67%
Cluj Gherla 19.873
67%
Suceava Gura Humorului 13.278
67%
Arad Ineu 8.807
67%
Arad Lipova 10.040
67%
Bihor Marghita 13.573
67%
Giurgiu Mihăilești 7.760
67%
Caraș-Severin Moldova Nouă 9.278
67%
Gorj Motru 15.950
67%
Constanța Negru Vodă 4.616
67%
Bacău Onești 34.005
67%
Caraș-Severin Oravița 9.346
67%
Constanța Ovidiu 13.968
67%
Ilfov Pantelimon 32.873
67%
Iași Pașcani 30.766
67%
Ilfov Popești-Leordeni 53.431
67%
Bihor Săcueni 10.720
67%
Bihor Salonta 15.792
67%
Maramureș Sighetu Marmației 32.795
67%
Sălaj Șimleu Silvaniei 13.948
67%
Iași Târgu Frumos 9.597
67%
Neamț Târgu Neamț 18.015
67%
Galați Tecuci 32.801
67%
Cluj Turda 43.319
67%
Teleorman Turnu Măgurele 19.597
67%
Bihor Valea lui Mihai 8.969
67%
Suceava Vatra Dornei 12.578
67%
Vrancea Adjud 15.178
60%
Caraș-Severin Anina 5.521
60%
Hunedoara Aninoasa 3.369
60%
Satu Mare Ardud 6.124
60%
Dolj Băilești 15.928
60%
Bistrița-Năsăud Beclean 11.260
60%
Maramureș Borșa 27.711
60%
Ilfov Buftea 20.577
60%
Sibiu Cisnădie 22.277
60%
Alba Cugir 19.473
60%
Argeș Curtea de Argeș 25.977
60%
Suceava Fălticeni 23.902
60%
Constanța Hârșova 8.737
60%
Hunedoara Hațeg 8.793
60%
Vaslui Huși 25.045
60%
Sălaj Jibou 9.677
60%
Sibiu Mediaș 39.505
60%
Argeș Mioveni 29.317
60%
Constanța Murfatlar 9.173
60%
Vaslui Negrești 7.530
60%
Harghita Odorheiu Secuiesc 31.335
60%
Călărași Oltenița 22.624
60%
Arad Pecica 11.950
60%
Olt Piatra-Olt 6.000
60%
Buzău Râmnicu Sărat 29.774
60%
Teleorman Roșiorii de Vede 22.294
60%
Bistrița-Năsăud Sângeorz-Băi 10.931
60%
Timiș Sânnicolau Mare 10.627
60%
Prahova Sinaia 9.071
60%
Mureș Sovata 9.703
60%
Mehedinți Strehaia 9.059
60%
Mureș Târnăveni 20.604
60%
Satu Mare Tășnad 8.058
60%
Constanța Techirghiol 8.061
60%
Harghita Toplița 12.609
60%
Ialomița Urziceni 13.380
60%
Alba Abrud 4.360
53%
Mehedinți Baia de Aramă 4.478
53%
Alba Baia de Arieș 3.035
53%
Maramureș Baia Sprie 14.329
53%
Prahova Băicoi 16.722
53%
Harghita Băile Tușnad 1.372
53%
Olt Balș 16.114
53%
Caraș-Severin Bocșa 12.949
53%
Harghita Borsec 2.391
53%
Prahova Bușteni 8.368
53%
Cluj Câmpia Turzii 20.590
53%
Olt Caracal 27.403
53%
Maramureș Cavnic 4.264
53%
Bacău Comănești 19.996
53%
Arad Curtici 7.279
53%
Dolj Dăbuleni 10.333
53%
Vâlcea Drăgășani 15.617
53%
Dâmbovița Găești 12.583
53%
Hunedoara Geoagiu 5.087
53%
Harghita Gheorgheni 15.884
53%
Tulcea Isaccea 4.408
53%
Timiș Jimbolia 10.179
53%
Satu Mare Livada 5.892
53%
Hunedoara Lupeni 18.699
53%
Tulcea Măcin 7.248
53%
Ilfov Măgurele 14.414
53%
Vrancea Mărășești 11.314
53%
Satu Mare Negrești-Oaș 14.616
53%
Alba Ocna Mureș 12.480
53%
Brașov Predeal 4.020
53%
Dâmbovița Pucioasa 12.953
53%
Timiș Recaș 8.347
53%
Gorj Rovinari 10.246
53%
Neamț Roznov 8.133
53%
Brașov Săcele 30.920
53%
Arad Sântana 12.460
53%
Maramureș Seini 8.198
53%
Hunedoara Simeria 11.268
53%
Suceava Siret 6.708
53%
Maramureș Târgu Lăpuș 11.163
53%
Covasna Târgu Secuiesc 16.243
53%
Maramureș Tăuții-Măgherăuș 8.463
53%
Maramureș Ulmeni 7.110
53%
Mureș Ungheni 7.007
53%
Suceava Vicovu de Sus 15.143
53%
Brașov Victoria 6.446
53%
Alba Zlatna 6.652
53%
Sibiu Agnita 7.564
47%
Ialomița Amara 6.805
47%
Sibiu Avrig 12.534
47%
Vâlcea Băbeni 7.570
47%
Vâlcea Băile Govora 2.158
47%
Vâlcea Băile Olănești 3.750
47%
Harghita Bălan 5.414
47%
Covasna Baraolt 7.730
47%
Galați Berești 2.473
47%
Neamț Bicaz 6.106
47%
Giurgiu Bolintin-Vale 12.806
47%
Prahova Breaza 14.871
47%
Timiș Buziaș 6.834
47%
Vâlcea Călimănești 7.348
47%
Alba Câmpeni 6.569
47%
Ilfov Chitila 14.762
47%
Brașov Codlea 20.534
47%
Harghita Cristuru Secuiesc 8.797
47%
Botoșani Darabani 11.948
47%
Timiș Deta 5.670
47%
Olt Drăgănești-Olt 9.721
47%
Maramureș Dragomirești 3.154
47%
Sibiu Dumbrăveni 6.238
47%
Timiș Făget 6.595
47%
Timiș Gătaia 5.473
47%
Vâlcea Horezu 6.467
47%
Brăila Ianca 8.969
47%
Brăila Însurăței 5.870
47%
Covasna Întorsura Buzăului 8.332
47%
Călărași Lehliu Gară 5.991
47%
Mureș Luduș 14.757
47%
Mureș Miercurea Nirajului 5.414
47%
Sibiu Miercurea Sibiului 3.619
47%
Prahova Mizil 12.962
47%
Bacău Moinești 19.728
47%
Gorj Novaci 5.276
47%
Bihor Nucet 1.987
47%
Hunedoara Orăștie 16.825
47%
Caraș-Severin Oțelu Roșu 8.497
47%
Arad Pâncota 6.787
47%
Hunedoara Petrila 19.600
47%
Iași Podu Iloaiei 8.992
47%
Suceava Rădăuți 24.292
47%
Brașov Râșnov 15.920
47%
Sibiu Săliște 5.710
47%
Maramureș Săliștea de Sus 4.856
47%
Arad Sebiș 5.410
47%
Prahova Slănic 4.669
47%
Suceava Solca 2.405
47%
Maramureș Șomcuta Mare 7.703
47%
Bihor Ștei 5.398
47%
Sibiu Tălmaciu 6.711
47%
Galați Târgu Bujor 5.946
47%
Alba Teiuș 6.308
47%
Gorj Turceni 6.891
47%
Prahova Urlați 10.131
47%
Prahova Vălenii de Munte 12.044
47%
Mehedinți Vânju Mare 5.078
47%
Bihor Vașcău 2.025
47%
Brașov Zărnești 21.624
47%
Dolj Bechet 4.355
40%
Bacău Buhuși 14.152
40%
Gorj Bumbești-Jiu 7.684
40%
Hunedoara Călan 10.055
40%
Prahova Comarnic 11.106
40%
Sibiu Copșa Mică 4.570
40%
Argeș Costești 9.460
40%
Bacău Dărmănești 13.069
40%
Dâmbovița Fieni 6.378
40%
Ialomița Fierbinți-Târg 4.620
40%
Botoșani Flămânzi 10.561
40%
Suceava Frasin 5.817
40%
Mureș Iernut 8.473
40%
Dâmbovița Moreni 15.472
40%
Buzău Nehoiu 9.464
40%
Sibiu Ocna Sibiului 3.434
40%
Buzău Pătârlagele 6.276
40%
Buzău Pogoanele 6.384
40%
Brașov Rupea 4.907
40%
Mureș Sângeorgiu de Pădure 4.875
40%
Olt Scornicești 10.795
40%
Dolj Segarcea 7.356
40%
Bacău Slănic Moldova 4.011
40%
Argeș Ștefănești 15.931
40%
Botoșani Ștefănești 5.032
40%
Ialomița Țăndărei 12.761
40%
Gorj Târgu Cărbunești 7.616
40%
Gorj Țicleni 3.934
40%
Gorj Tismana 6.359
40%
Dâmbovița Titu 9.291
40%
Argeș Topoloveni 9.373
40%
Teleorman Videle 10.107
40%
Prahova Azuga 3.901
33%
Vâlcea Bălcești 4.235
33%
Vâlcea Berbești 4.231
33%
Vâlcea Brezoi 5.696
33%
Suceava Broșteni 5.179
33%
Călărași Budești 7.126
33%
Timiș Ciacova 5.434
33%
Suceava Dolhasca 11.007
33%
Brăila Făurei 3.008
33%
Călărași Fundulea 6.714
33%
Iași Hârlău 10.349
33%
Vaslui Murgeni 6.853
33%
Vâlcea Ocnele Mari 3.134
33%
Vrancea Odobești 9.423
33%
Vrancea Panciu 6.921
33%
Olt Potcoava 5.229
33%
Suceava Salcea 9.513
33%
Mureș Sărmașu 6.186
33%
Bacău Târgu Ocna 10.410
33%
Hunedoara Uricani 6.669
33%
Harghita Vlăhița 6.468
33%
Prahova Boldești-Scăeni 10.298
27%
Ialomița Căzănești 2.938
27%
Brașov Ghimbav 7.208
27%
Suceava Liteni 8.878
27%
Prahova Plopeni 6.709
27%
Dâmbovița Răcari 6.306
27%
Botoșani Bucecea 4.171
20%
Suceava Cajvana 9.139
20%
Suceava Milișăuți 4.657
20%
Botoșani Săveni 6.447
20%
No matching quizzes found
Score Distribution
Percent of People with Each Score
Percentile by Number Answered
Your Score History
You have not taken this quiz